00624 2200205 4500001002100000005001700021008004100038035002500079040001200104082001800116084002200134090002200156245007200178260002800250300004000278500004900318650002800367700001100395850001200406INLIS00000000000247220150304101958.0  a0010-031500000000019 aYOPDYOG a305.895199222 a305.895199222 Met a305.895199222 Met aMETRO files : naga di bumi garuda [rekaman video]c/ editor, Irawan aJakartabMetro TVc2007 aDVDb: digtital, stereoc; 4 3/4 in aProgram Metro TV ; tanggal tayang 19/12/2007 aOrang Cina di Indonesia aIrawan aYOPDYOG